| 000 | 01012nam a2200277 i 4500 | ||
|---|---|---|---|
| 003 | DO-SdBNP | ||
| 005 | 20240305073656.0 | ||
| 007 | ta | ||
| 008 | 110413s1964 dr d 000 0 spa d | ||
| 040 |
_aDO-SdBNP _bspa _cBNPHU _erda |
||
| 082 |
_bF363h _222 _a616.89 |
||
| 100 | 1 |
_aFernández Marina, Ramón _912719 |
|
| 245 | 1 | 4 |
_aLos horizontes de la mente : _b(Una nueva odisea) / _cRamón Fernández Marina, Ursula María Von Eckardt ; traducción P. Luis F. Guillén |
| 264 | 1 |
_aSanto Domingo : _bAvances grafícos, _c[fecha no identificada]. |
|
| 300 |
_a588 páginas _c21 cm. |
||
| 336 |
_2rdacontent _atexto _btxt |
||
| 337 |
_2rdamedia _asin mediación _bn |
||
| 338 |
_2rdacarrier _avolumen _bnc |
||
| 500 | _aIncluye datos biográficos de los autores en la página 3. | ||
| 504 | _aBibliografía p: 559-585 | ||
| 590 | _aInventariado, 2023/ YL | ||
| 700 | 1 |
_aSilié, Rubén, _d1946- _eautora _91421 |
|
| 700 | 1 |
_aF. Guillen, P. Luis _etraducción _984291 |
|
| 910 | _aYLockward | ||
| 942 |
_2ddc _cLBS1 |
||
| 999 |
_c54984 _d54984 |
||